<?xml version="1.0" encoding="UTF-8" ?>
<collection xmlns="http://www.loc.gov/MARC21/slim"><record><leader>01782nam a2200373   4500</leader><controlfield tag="001">232062</controlfield><controlfield tag="003">CH-000273-5</controlfield><controlfield tag="005">20260515144332.0</controlfield><datafield tag="020" ind1=" " ind2=" "><subfield code="a">978-3-86832-834-9</subfield></datafield><datafield tag="040" ind1=" " ind2=" "><subfield code="a">CH-000273-5</subfield><subfield code="b">ger</subfield><subfield code="e">rda</subfield></datafield><datafield tag="041" ind1="0" ind2=" "><subfield code="a">ger</subfield><subfield code="a">eng</subfield></datafield><datafield tag="245" ind1="0" ind2="0"><subfield code="a">Falscher Marmor und glühende Sterne</subfield><subfield code="b">= False marble and glowing stars : Linda Carrara, Marco Gastini, Giuseppe Spagnulo, Gilberto Zorio</subfield><subfield code="c">Herausgeber, Konzeption und Redaktion/editor, concept and managing editor: Holger Kube Ventura</subfield></datafield><datafield tag="246" ind1="1" ind2="1"><subfield code="a">False marble and glowing stars</subfield></datafield><datafield tag="264" ind1=" " ind2="1"><subfield code="a">Köln/Cologne</subfield><subfield code="b">Wienand</subfield><subfield code="c">[2025]</subfield></datafield><datafield tag="300" ind1=" " ind2=" "><subfield code="a">127 Seiten</subfield><subfield code="c">27 cm</subfield></datafield><datafield tag="336" ind1=" " ind2=" "><subfield code="a">Text</subfield><subfield code="b">txt</subfield><subfield code="2">rdacontent</subfield></datafield><datafield tag="336" ind1=" " ind2=" "><subfield code="a">unbewegtes Bild</subfield><subfield code="b">sti</subfield><subfield code="2">rdacontent</subfield></datafield><datafield tag="337" ind1=" " ind2=" "><subfield code="a">ohne Hilfsmittel zu benutzen</subfield><subfield code="b">n</subfield><subfield code="2">rdamedia</subfield></datafield><datafield tag="338" ind1=" " ind2=" "><subfield code="a">Band</subfield><subfield code="b">nc</subfield><subfield code="2">rdacarrier</subfield></datafield><datafield tag="546" ind1=" " ind2=" "><subfield code="a">Paralleltext deutsch und englisch</subfield></datafield><datafield tag="600" ind1="1" ind2="7"><subfield code="a">Carrara, Linda</subfield><subfield code="d">1984-</subfield><subfield code="x">Malerei</subfield><subfield code="x">Plastik</subfield><subfield code="y">Geschichte 2015-2025</subfield><subfield code="2">gnd</subfield></datafield><datafield tag="600" ind1="1" ind2="7"><subfield code="a">Gastini, Marco</subfield><subfield code="d">1938-2018</subfield><subfield code="x">Malerei</subfield><subfield code="x">Arbeiten auf Papier</subfield><subfield code="y">Geschichte 1967-1984</subfield><subfield code="2">gnd</subfield></datafield><datafield tag="600" ind1="1" ind2="7"><subfield code="a">Spagnulo, Giuseppe</subfield><subfield code="d">1936-2016</subfield><subfield code="x">Eisenplastik</subfield><subfield code="x">Terrakotta</subfield><subfield code="x">Arbeiten auf Papier</subfield><subfield code="y">Geschichte 1965-1980</subfield><subfield code="2">gnd</subfield></datafield><datafield tag="600" ind1="1" ind2="7"><subfield code="a">Zorio, Gilberto</subfield><subfield code="d">1944-</subfield><subfield code="x">Kunst</subfield><subfield code="y">Geschichte 1973-1974</subfield><subfield code="2">gnd</subfield></datafield><datafield tag="650" ind1=" " ind2="7"><subfield code="a">Konkrete Kunst</subfield><subfield code="x">Arte povera</subfield><subfield code="2">gnd</subfield></datafield><datafield tag="655" ind1=" " ind2="7"><subfield code="a">Ausstellungskatalog</subfield><subfield code="x">Kunstmuseum Reutlingen. Konkret</subfield><subfield code="y">27.09.2025-28.06.2026</subfield><subfield code="z">Reutlingen</subfield><subfield code="2">gnd-content</subfield></datafield><datafield tag="655" ind1=" " ind2="7"><subfield code="a">Bildband</subfield><subfield code="2">gnd-content</subfield></datafield><datafield tag="700" ind1="1" ind2=" "><subfield code="a">Carrara, Linda</subfield><subfield code="d">1984-</subfield><subfield code="e">Künstler</subfield><subfield code="4">art</subfield></datafield><datafield tag="700" ind1="1" ind2=" "><subfield code="a">Gastini, Marco</subfield><subfield code="d">1938-2018</subfield><subfield code="e">Künstler</subfield><subfield code="4">art</subfield></datafield><datafield tag="700" ind1="1" ind2=" "><subfield code="a">Spagnulo, Giuseppe</subfield><subfield code="d">1936-2016</subfield><subfield code="e">Künstler</subfield><subfield code="4">art</subfield></datafield><datafield tag="700" ind1="1" ind2=" "><subfield code="a">Zorio, Gilberto</subfield><subfield code="d">1944-</subfield><subfield code="e">Künstler</subfield><subfield code="4">art</subfield></datafield><datafield tag="700" ind1="1" ind2=" "><subfield code="a">Kube Ventura, Holger</subfield><subfield code="d">1966-</subfield><subfield code="e">Herausgeber</subfield><subfield code="4">edt</subfield></datafield><datafield tag="710" ind1="2" ind2=" "><subfield code="a">Kunstmuseum Reutlingen</subfield><subfield code="b">Konkret</subfield><subfield code="e">Veranstalter</subfield><subfield code="4">orm</subfield></datafield><datafield tag="852" ind1="4" ind2=" "><subfield code="a">CH-000273-5</subfield><subfield code="c">C 2026/0083</subfield></datafield></record></collection>